00956nam a2200265 a 450000100100000000500170001000800410002702000150006804000250008308200160010810000390012424500670016326000300023030000280026049000300028865000250031865000410034365000380038465000330042265000310045583000360048691000400052295201130056299900150067500000195020200929145753.0090630s2003 es a 001 0 spa d a8497321561 aDO-SdBNPbspacBNPHU a658.7bE74g1 aEscudero Serrano, Mª José9632910aGestión de aprovisionamiento /cMª José Escudero Serrano. aMadrid :bThomson,c2003. a267 p. :bil. ;c30 cm.1 aAdministracion y finanzas 4aAbastecimiento96330 4aAdministración de materiales96331 4aLogística en los negocios96332 4aControl de inventarios96333 4aGestión industrial96334 0aAdministracion y finanzas96335 aValidado. Control de la calidad EMS 001050718MOaGRbGRcHDd2009-06-30iLF1l0o658.7 E74gp1950-10r2020-06-25w2020-06-25y1ZNo se presta c1816d1816